Stars : a guide to the constellations, sun, moon, planets, and other features of the heavens /

Bibliographic Details
Main Author: Zim, Herbert S. (Herbert Spencer), 1909-1994
Other Authors: Baker, Robert Horace, 1883-, Irving, James Gordon
Format: Book
Language:English
Published: New York : Racine, Wis. : Golden Press ; Western Pub. Co., [1975]
Edition:Rev. ed.
Series:A Golden guide
Subjects:

MARC

Tag First Indicator Second Indicator Subfields
LEADER 00000cam a2200000 a 4500
001 in00000086865
005 20151008062814.0
008 750611s1975 nyua 00110 engm
010 |a  75314330  
019 |a 2582009 
020 |a 0307244938 :  |c $1.50 
035 |a (OCoLC)02131945 
035 |9 AAK0971AM 
040 |a DLC  |c DLC  |d m.c.  |d TXA  |d UtOrBLW 
049 |a [Curr Col] TXAM  |c [1561766] 
050 0 0 |a QB64  |b  Z5 1975 
082 0 |a 523 
100 1 |a Zim, Herbert S.  |q (Herbert Spencer),  |d 1909-1994. 
245 1 0 |a Stars :  |b a guide to the constellations, sun, moon, planets, and other features of the heavens /  |c Herbert S. Zim and Robert H. Baker ; illustrated by James Gordon Irving. 
250 |a Rev. ed. 
264 1 |a New York :  |b Golden Press ;  |a Racine, Wis. :  |b Western Pub. Co.,  |c [1975] 
264 4 |c ©1975 
300 |a 160 pages :  |b color illustrations ;  |c 16 cm. 
336 |a text  |b txt  |2 rdacontent 
337 |a unmediated  |b n  |2 rdamedia 
338 |a volume  |b nc  |2 rdacarrier 
490 0 |a A Golden guide 
500 |a Includes index. 
650 0 |a Astronomy  |v Observers' manuals. 
650 0 |a Stars. 
700 1 |a Baker, Robert Horace,  |d 1883- 
700 1 |a Irving, James Gordon. 
999 |a MARS 
999 f f |s d5e0b90b-9cb6-3bfe-a7a1-52e1d017cc1e  |i a413e4d3-67d6-38f9-a503-9695a8cf30f1  |t 0 
952 f f |p normal  |a Texas A&M University  |b College Station  |c Sterling C. Evans Library  |d Evans: Curriculum Collection (4th floor)  |t 0  |e QB64 Z5 1975  |h Library of Congress classification  |i unmediated -- volume  |m A14805978506 
998 f f |a QB64 Z5 1975  |t 0  |l Evans: Curriculum Collection (4th floor)